[Event "Coppa del Mondo FIDE 2013"]
[Site "Tromsø"]
[Date "11.08.2013"]
[Round "1.1"]
[White "Eljanov, Pavel"]
[Black "Brunello, Sabino"]
[Result "1/2-1/2"]
[WhiteTitle "GM"]
[BlackTitle "GM"]
[WhiteElo "2702"]
[BlackElo "2607"]
[WhiteFideId "14102951"]
[BlackFideId "813613"]
[EventDate "2013.08.11"]

1. c4 e5 2. Nc3 d6 3. Nf3 f5 4. g3 Be7 5. Bg2 Nf6 6. O-O O-O 7. d4 e4 8. Ng5 c6
9. d5 h6 10. Nh3 Nbd7 11. f3 exf3 12. exf3 Qa5 13. Re1 Rf7 14. Nf2 cxd5 15. cxd5
b5 16. a4 b4 17. Nb5 Bb7 18. Bf4 Nxd5 19. Bxd6 a6 20. f4 axb5 21. Bxe7 bxa4 22.
Bxb4 Qxb4 23. Bxd5 Bxd5 24. Qxd5 Nb6 25. Qe6 Rf8 26. Rac1 Kh7 27. Red1 Re7 28.
Rd4 Qxb2 29. Qxe7 Qxc1+ 30. Rd1 Qc8 31. Rd6 Nc4 32. Rd7 Rg8 33. Rc7 Qa6 34. Qc5
Nd2 35. Qxf5+ Kh8 36. Qd3 Qb6 37. Rd7 Nb3 38. Rd6 Qb4 39. Qa6 Rb8 40. Nd3 Qe4
41. Nf2 Qe7 42. f5 Nc5 43. Qc6 a3 44. Qxc5 a2 45. Rxh6+ gxh6 46. Qxe7 a1=Q+ 47.
Kg2 Qg7 48. Qe6 Rb2 1/2-1/2

[Event "Coppa del Mondo FIDE 2013"]
[Site "Tromsø"]
[Date "11.08.2013"]
[Round "1.1"]
[White "Shirov, Alexei"]
[Black "Hou, Yifan"]
[Result "1/2-1/2"]
[WhiteTitle "GM"]
[BlackTitle "GM"]
[WhiteElo "2696"]
[BlackElo "2609"]
[WhiteFideId "2209390"]
[BlackFideId "8602980"]
[EventDate "2013.08.11"]

1. d4 Nf6 2. c4 e6 3. Nf3 d5 4. Nc3 Bb4 5. Qb3 c5 6. dxc5 Nc6 7. Bg5 dxc4 8.
Qxc4 Qa5 9. Bxf6 gxf6 10. Rc1 Qxc5 11. Qb3 Qb6 12. e3 Bd7 13. a3 Ba5 14. Qc2 Rc8
15. Be2 Bxc3+ 16. bxc3 Qc5 17. Qb2 Qb6 18. Qa1 Na5 19. Nd2 Nb3 20. Nxb3 Qxb3 21.
c4 Rg8 22. Qxf6 Qxa3 23. O-O Qe7 24. Qd4 Qc5 25. Ra1 a5 26. Rfb1 Qxd4 27. exd4
a4 28. g3 Bc6 29. d5 exd5 30. cxd5 Bxd5 31. Rxa4 Kf8 32. Bd3 h6 33. Be4 Bc6 34.
Rc4 Rg4 35. f4 Rg8 36. Rbc1 Kg7 37. Bxc6 Rxc6 38. Rxc6 bxc6 39. Rxc6 Ra8 40. Rc2
Ra3 41. Kg2 Kg6 42. Kh3 Ra5 43. Kh4 Rb5 44. g4 Kg7 45. f5 Rb3 46. Rg2 Ra3 47.
Rg3 Ra2 48. h3 Ra6 49. Rb3 Rc6 50. Kh5 Ra6 51. h4 Rf6 52. Rb5 Ra6 53. Rb7 Rf6
54. Rc7 Kh7 55. Rc5 Ra6 56. Rd5 Kg7 57. Rd7 Rf6 58. Rb7 Kh7 59. Ra7 Kg7 60. Rd7
Kh7 61. Rd5 Ra6 62. g5 hxg5 63. hxg5 Ra1 64. Rd7 Kg8 65. f6 Rh1+ 66. Kg4 Rg1+
67. Kf5 Rf1+ 68. Ke5 Rg1 69. Kd6 Rxg5 70. Rd8+ Kh7 71. Ke7 Ra5 72. Kxf7 Ra7+ 73.
Ke6 Ra6+ 74. Rd6 Ra8 75. Ke7 Ra7+ 76. Rd7 Ra8 77. Kf7 Ra1 78. Re7 Ra8 79. Re6
Rb8 80. Re1 Rb7+ 81. Re7 Rb8 82. Ra7 Rb1 83. Ke6+ Kg6 1/2-1/2

[Event "Coppa del Mondo FIDE 2013"]
[Site "Tromsø"]
[Date "11.08.2013"]
[Round "1.1"]
[White "Jobava, Baadur"]
[Black "Kravtsiv, Martyn"]
[Result "1-0"]
[WhiteTitle "GM"]
[BlackTitle "GM"]
[WhiteElo "2696"]
[BlackElo "2607"]
[WhiteFideId "13601520"]
[BlackFideId "14113147"]
[EventDate "2013.08.11"]

1. c4 e6 2. g3 Nf6 3. Bg2 d5 4. Nf3 Be7 5. O-O O-O 6. Qc2 a6 7. cxd5 exd5 8. b3
Nc6 9. Bb2 d4 10. Rc1 Be6 11. Qd3 Ng4 12. h3 Nh6 13. Rxc6 bxc6 14. Qxd4 Nf5 15.
Qxd8 Raxd8 16. d3 a5 17. Nc3 Bf6 18. Rc1 Nd4 19. Nxd4 Bxd4 20. Ba3 Rfe8 21. Bxc6
Bd7 22. Bxd7 Rxd7 23. Kf1 h6 24. Na4 Re5 25. Bb2 Bxb2 26. Nxb2 Rh5 27. Kg2 Rb5
28. Rc4 Kf8 29. Na4 Ke8 30. Nc3 Rb8 31. Rc5 Ra8 32. d4 Kd8 33. e3 Rd6 34. Rf5
Rc6 35. Ne4 Ke7 36. Nc5 f6 37. g4 Kf7 38. h4 Ke7 39. h5 Rb8 40. Kf3 Rb5 41. a3
Rb8 42. Ke2 Rd6 43. Kd3 Rdb6 44. Kc4 Rd6 45. Rf4 Kf7 46. Rf5 Ke7 47. Rf3 Kf7 48.
e4 Rbd8 49. Rd3 Rg8 50. f3 g6 51. hxg6+ Kxg6 52. Rd1 Rh8 53. Rh1 Rhd8 54. d5 Rb8
55. Ne6 Rdb6 56. Nd4 Kg5 57. Rh5+ Kg6 58. f4 Re8 59. e5 fxe5 60. fxe5 1-0

[Event "Coppa del Mondo FIDE 2013"]
[Site "Tromsø"]
[Date "11.08.2013"]
[Round "1.1"]
[White "Bruzon Batista, Lazaro"]
[Black "Najer, Evgeniy"]
[Result "1/2-1/2"]
[WhiteTitle "GM"]
[BlackTitle "GM"]
[WhiteElo "2698"]
[BlackElo "2626"]
[WhiteFideId "3503739"]
[BlackFideId "4118987"]
[EventDate "2013.08.11"]

1. e4 c5 2. Nf3 e6 3. d4 cxd4 4. Nxd4 Nc6 5. Nb5 d6 6. c4 Nf6 7. N1c3 a6 8. Na3
b6 9. Be2 Bb7 10. Be3 Be7 11. O-O O-O 12. Qb3 Nd7 13. Rad1 Nc5 14. Qc2 Qc7 15.
Nab1 Rac8 16. a3 Rfd8 17. f3 Bf6 18. Rd2 Nd7 19. Rc1 Nce5 20. b3 g5 21. Qd1 Be7
22. Kh1 Kh8 23. Bd4 Rg8 24. Na4 f6 25. Nbc3 Ba8 26. Nb2 Rg7 27. b4 h5 28. Qf1
Ng6 29. Qf2 h4 30. Rdc2 h3 31. g3 Nge5 32. Qf1 Rh7 33. Kg1 Rf8 34. f4 gxf4 1/2-1/2

[Event "Coppa del Mondo FIDE 2013"]
[Site "Tromsø"]
[Date "11.08.2013"]
[Round "1.1"]
[White "Robson, Ray"]
[Black "Volokitin, Andrei"]
[Result "1-0"]
[WhiteTitle "GM"]
[BlackTitle "GM"]
[WhiteElo "2623"]
[BlackElo "2688"]
[WhiteFideId "2023970"]
[BlackFideId "14107090"]
[EventDate "2013.08.11"]

1. e4 e5 2. Nf3 Nf6 3. Nxe5 d6 4. Nf3 Nxe4 5. d4 d5 6. Bd3 Nc6 7. O-O Be7 8. c4
Nb4 9. Be2 O-O 10. Nc3 Bf5 11. a3 Nxc3 12. bxc3 Nc6 13. Re1 Re8 14. cxd5 Qxd5
15. Bf4 Rac8 16. Qc1 Bf6 17. Qb2 Na5 18. Ne5 Bxe5 19. Bxe5 Qb3 20. Qd2 Nc4 21.
Qg5 Nxe5 22. Qxf5 Nc4 23. Qc5 Nd6 24. Bg4 Rxe1+ 25. Rxe1 b6 26. Qc6 f5 27. Bxf5
Nxf5 28. Re8+ Kf7 29. Qd7+ Kf6 30. Re1 Qg8 31. g4 g6 32. f4 h6 33. h4 Qf7 34.
Qxc8 1-0

[Event "Coppa del Mondo FIDE 2013"]
[Site "Tromsø"]
[Date "11.08.2013"]
[Round "1.1"]
[White "Li, Chao b"]
[Black "Postny, Evgeny"]
[Result "1/2-1/2"]
[WhiteTitle "GM"]
[BlackTitle "GM"]
[WhiteElo "2693"]
[BlackElo "2628"]
[WhiteFideId "8604436"]
[BlackFideId "2804344"]
[EventDate "2013.08.11"]

1. c4 Nf6 2. Nc3 e5 3. Nf3 Nc6 4. g3 Bb4 5. Bg2 Bxc3 6. bxc3 O-O 7. O-O d6 8. d3
h6 9. Rb1 Rb8 10. e4 a6 11. Nd2 b5 12. f4 Bg4 13. Qe1 Be6 14. f5 Bd7 15. h3 b4
16. Bb2 bxc3 17. Bxc3 Rxb1 18. Qxb1 Qb8 19. Kh2 Qxb1 20. Rxb1 Rb8 21. Rb3 Kf8
22. g4 Bc8 23. Kg3 Rb6 24. Kf2 1/2-1/2

[Event "Coppa del Mondo FIDE 2013"]
[Site "Tromsø"]
[Date "11.08.2013"]
[Round "1.1"]
[White "Popov, Ivan RUS"]
[Black "Ragger, Markus"]
[Result "1-0"]
[WhiteTitle "GM"]
[BlackTitle "GM"]
[WhiteElo "2644"]
[BlackElo "2680"]
[WhiteFideId "4170350"]
[BlackFideId "1610856"]
[EventDate "2013.08.11"]

1. e4 e5 2. Nf3 Nc6 3. Bb5 a6 4. Ba4 Nf6 5. O-O Be7 6. d3 b5 7. Bb3 O-O 8. a4 b4
9. Nbd2 Bc5 10. Nc4 d6 11. h3 Be6 12. c3 bxc3 13. bxc3 Rb8 14. Ba2 Ba7 15. Bg5
h6 16. Bh4 g5 17. Nxg5 hxg5 18. Bxg5 Kg7 19. Qf3 Kg6 20. h4 Bg4 21. Qg3 Qd7 22.
Ne3 Bxe3 23. Qxe3 Nh5 24. f3 Be6 25. Bh6 Qe7 26. Bxf8 Rxf8 27. Bxe6 fxe6 28.
Qg5+ Qxg5 29. hxg5 Na5 30. Kf2 Nb3 31. Ra3 Nc5 32. Ke3 Rb8 33. d4 Nd7 34. a5 Rb2
35. Rf2 Rb1 36. Ra4 Nf4 37. dxe5 dxe5 38. Rc4 Re1+ 39. Kd2 Ra1 40. Rxc7 Nc5 41.
Rxc5 Kxg5 42. g3 Nh3 43. Re2 Ng1 44. Re3 Ra2+ 45. Ke1 Nh3 46. Rxe5+ Kf6 47. Rh5
Ra1+ 48. Ke2 Ra2+ 49. Kf1 Ng5 50. f4 Ra1+ 51. Ke2 Ra2+ 52. Kd3 1-0

[Event "Coppa del Mondo FIDE 2013"]
[Site "Tromsø"]
[Date "11.08.2013"]
[Round "1.1"]
[White "Inarkiev, Ernesto"]
[Black "Leitao, Rafael"]
[Result "1/2-1/2"]
[WhiteTitle "GM"]
[BlackTitle "GM"]
[WhiteElo "2693"]
[BlackElo "2632"]
[WhiteFideId "4162722"]
[BlackFideId "2101246"]
[EventDate "2013.08.11"]

1. c4 e6 2. Nc3 d5 3. d4 Be7 4. cxd5 exd5 5. Bf4 c6 6. e3 Bd6 7. Bxd6 Qxd6 8.
Bd3 Nf6 9. Qc2 O-O 10. h3 b6 11. Nf3 Ba6 12. Bxa6 Nxa6 13. a3 Nc7 14. O-O Ne6
15. Rac1 Rac8 16. Rfd1 Rfd8 17. Rd2 Qe7 18. Qa4 Qb7 19. Ne5 c5 20. dxc5 bxc5 21.
Qb5 Qa8 22. Ng4 Nxg4 23. hxg4 d4 24. Nd1 h6 25. Qd3 c4 26. Rxc4 dxe3 27. Rxc8
exf2+ 28. Nxf2 Rxc8 29. Ne4 Qc6 30. Kh2 Rd8 31. Qc2 Qb6 32. Rxd8+ Qxd8 33. Qf2
Qd5 34. Qf5 Qd8 35. Qf2 a5 36. Qg3 Qd4 37. Qb8+ Kh7 38. Qb7 Qe5+ 39. Ng3 Qf6 40.
Qe4+ Kg8 41. Qa8+ Nf8 42. Kh3 Qxb2 43. Qxa5 Ne6 44. Kh2 Ng5 45. Nf5 Qb8+ 46. Kg1
Qb1+ 47. Kh2 1/2-1/2

[Event "Coppa del Mondo FIDE 2013"]
[Site "Tromsø"]
[Date "11.08.2013"]
[Round "1.1"]
[White "Hracek, Zbynek"]
[Black "Bologan, Viktor"]
[Result "1/2-1/2"]
[WhiteTitle "GM"]
[BlackTitle "GM"]
[WhiteElo "2635"]
[BlackElo "2672"]
[WhiteFideId "300071"]
[BlackFideId "13900048"]
[EventDate "2013.08.11"]

1. Nf3 c5 2. c4 Nc6 3. d4 cxd4 4. Nxd4 e6 5. g3 Qb6 6. Nf3 Bb4+ 7. Nc3 Nf6 8.
Bg2 Qa6 9. Qb3 d5 10. cxd5 exd5 11. O-O O-O 12. Nxd5 Nxd5 13. Qxd5 Qxe2 14. Nd4
Nxd4 15. Qxd4 a5 16. Bf4 Qe7 17. Rfd1 Bg4 18. Bd6 Bxd6 19. Qxg4 Rad8 20. Qe4 Qf6
21. Qxb7 Bc5 22. Bf3 Rb8 23. Qd5 Rxb2 24. Qxc5 Qxf3 25. Qd4 Re2 26. Rd2 h5 27.
Rxe2 Qxe2 28. a4 Re8 29. h4 Qf3 30. Qc5 Ra8 1/2-1/2

[Event "Coppa del Mondo FIDE 2013"]
[Site "Tromsø"]
[Date "11.08.2013"]
[Round "1.1"]
[White "Dubov, Daniil"]
[Black "Fedorchuk, Sergey A."]
[Result "1-0"]
[WhiteTitle "GM"]
[BlackTitle "GM"]
[WhiteElo "2624"]
[BlackElo "2669"]
[WhiteFideId "24126055"]
[BlackFideId "14102536"]
[EventDate "2013.08.11"]

1. c4 Nf6 2. Nc3 e5 3. Nf3 Nc6 4. g3 Bb4 5. Bg2 O-O 6. O-O Bxc3 7. bxc3 Re8 8.
Ne1 h6 9. e4 d6 10. d3 a6 11. a4 Na5 12. f4 c6 13. Rb1 b5 14. axb5 axb5 15. cxb5
Qb6+ 16. Kh1 cxb5 17. c4 b4 18. Nc2 b3 19. Ne3 Bd7 20. g4 Rab8 21. g5 hxg5 22.
fxg5 Nh7 23. Nd5 Qd8 24. Qh5 Be6 25. Nf6+ gxf6 26. gxf6 Kh8 27. Bh6 Rg8 28. Bh3
Qd7 29. Rg1 Rxg1+ 30. Rxg1 b2 31. Bg7+ Kg8 32. Bf8+ 1-0

[Event "Coppa del Mondo FIDE 2013"]
[Site "Tromsø"]
[Date "11.08.2013"]
[Round "1.1"]
[White "Smeets, Jan"]
[Black "Matlakov, Maxim"]
[Result "1/2-1/2"]
[WhiteTitle "GM"]
[BlackTitle "GM"]
[WhiteElo "2623"]
[BlackElo "2676"]
[WhiteFideId "1007246"]
[BlackFideId "4168003"]
[EventDate "2013.08.11"]

1. e4 e5 2. Nf3 Nc6 3. Bb5 Nf6 4. O-O Nxe4 5. d4 Nd6 6. Bxc6 dxc6 7. dxe5 Nf5 8.
Qxd8+ Kxd8 9. h3 Bd7 10. g4 Ne7 11. Ng5 Ke8 12. Re1 f6 13. e6 Bc8 14. Nf3 Ng6
15. Nc3 Bd6 16. Ne4 Bf4 17. Nd4 Be5 18. Be3 Bxd4 19. Bxd4 Nf4 20. Be3 Nxe6 21.
f4 Kf7 22. f5 Nd8 23. Bf4 b6 24. Bxc7 Nb7 25. Nd6+ Nxd6 26. Bxd6 Rd8 27. Re7+
Kg8 28. Rae1 Bd7 29. Bb4 Be8 30. Rc7 Rdc8 31. Rxc8 Rxc8 32. Re7 a5 33. Bc3 Bf7
34. Rb7 b5 35. b3 a4 36. bxa4 bxa4 37. a3 Re8 38. Ra7 h6 39. Kf2 Re4 40. Ra8+
Kh7 41. Ra7 Kg8 42. Ra8+ Kh7 43. Ra7 1/2-1/2

[Event "Coppa del Mondo FIDE 2013"]
[Site "Tromsø"]
[Date "11.08.2013"]
[Round "1.1"]
[White "Shimanov, Aleksandr"]
[Black "Jones, Gawain C B"]
[Result "1/2-1/2"]
[WhiteTitle "GM"]
[BlackTitle "GM"]
[WhiteElo "2655"]
[BlackElo "2645"]
[WhiteFideId "4198603"]
[BlackFideId "409561"]
[EventDate "2013.08.11"]

1. d4 Nf6 2. c4 e6 3. Nf3 c5 4. d5 d6 5. Nc3 exd5 6. cxd5 g6 7. h3 Bg7 8. e4 O-O
9. Bd3 b5 10. Bxb5 Nxe4 11. Nxe4 Qa5+ 12. Nfd2 Qxb5 13. Nxd6 Qa6 14. N2c4 Nd7
15. O-O Ne5 16. Nxc8 Raxc8 17. Nxe5 Bxe5 18. Re1 Qd6 19. Bh6 Rfd8 20. Re2 Qxd5
21. Qa4 Bd6 22. Rae1 Bf8 23. Re8 Qd4 24. Rxd8 Qxd8 25. Bxf8 Kxf8 26. Qxa7 Qd5
27. Qa6 Ra8 28. Qf6 Kg8 29. a3 h5 30. Re7 Rc8 31. h4 Rf8 32. Kh2 Qb3 33. g3 Qb8
34. a4 Qb4 35. Ra7 Qd4 36. Qxd4 cxd4 37. Rc7 d3 38. a5 Rb8 39. a6 d2 40. a7 Rd8
41. a8=Q Rxa8 42. Rd7 Rb8 43. Rxd2 f6 44. Kg2 Rb3 45. Kf1 Kf7 46. Ke2 g5 47.
hxg5 fxg5 48. Kd1 h4 49. gxh4 gxh4 50. Ke2 h3 51. Kf1 Kf6 52. Kg1 Kf5 53. Kh2
Kf4 54. Rc2 Kf5 55. Rc3 Rxb2 56. Kxh3 Rxf2 1/2-1/2

[Event "Coppa del Mondo FIDE 2013"]
[Site "Tromsø"]
[Date "11.08.2013"]
[Round "1.1"]
[White "Filippov, Anton UZB"]
[Black "Romanov, Evgeny"]
[Result "1/2-1/2"]
[WhiteTitle "GM"]
[BlackTitle "GM"]
[WhiteElo "2630"]
[BlackElo "2651"]
[WhiteFideId "14200988"]
[BlackFideId "4148843"]
[EventDate "2013.08.11"]

1. e4 e5 2. Nf3 Nc6 3. Bb5 Nf6 4. O-O Nxe4 5. d4 Nd6 6. dxe5 Nxb5 7. a4 Nbd4 8.
Nxd4 d5 9. exd6 Nxd4 10. Qxd4 Qxd6 11. Qe3+ Be6 12. Nc3 a6 13. Rd1 Qc5 14. Qf4
Rc8 15. Be3 Qc6 16. Qg3 f6 17. Ne2 Bd6 18. Bf4 Bxf4 19. Qxf4 O-O 20. Nd4 Qd7 21.
Nxe6 Qxe6 22. h3 Qc6 23. Ra3 Qxc2 24. Rd7 Rf7 25. Rad3 Rcf8 26. Rxf7 Rxf7 27.
Rd8+ Rf8 28. Rd7 Rf7 29. Rd8+ Rf8 30. Rd7 Rf7 31. Qe3 h6 32. Qe6 Qc1+ 33. Kh2
Qf4+ 34. Kg1 1/2-1/2

[Event "Coppa del Mondo FIDE 2013"]
[Site "Tromsø"]
[Date "11.08.2013"]
[Round "1.1"]
[White "Safarli, Eltaj"]
[Black "Amin, Bassem"]
[Result "0-1"]
[WhiteTitle "GM"]
[BlackTitle "GM"]
[WhiteElo "2660"]
[BlackElo "2652"]
[WhiteFideId "13402129"]
[BlackFideId "10601457"]
[EventDate "2013.08.11"]

1. e4 e5 2. Nf3 Nc6 3. Bb5 a6 4. Ba4 Nf6 5. O-O Be7 6. Re1 b5 7. Bb3 d6 8. c3
O-O 9. h3 Nb8 10. d4 Nbd7 11. Nbd2 Bb7 12. Bc2 Re8 13. Nf1 Bf8 14. Bg5 h6 15.
Bh4 Qc8 16. dxe5 dxe5 17. N3d2 a5 18. Ne3 Ra6 19. Qf3 a4 20. b3 axb3 21. axb3
Qa8 22. Rxa6 Qxa6 23. Nd5 Bxd5 24. exd5 Qa2 25. Qd1 Nxd5 26. Nf3 c6 27. Be4 N7b6
28. Bxd5 Nxd5 29. Nxe5 Nxc3 30. Qd7 Ne2+ 31. Rxe2 Qa1+ 32. Kh2 Rxe5 33. Rxe5
Qxe5+ 34. Bg3 Qf6 35. Qe8 g5 36. Bb8 b4 37. Kg1 c5 38. Be5 Qe6 39. Qxe6 fxe6 40.
Kf1 Bg7 41. Bd6 c4 42. Ke2 cxb3 43. Kd3 Bc3 44. g4 Kf7 45. f3 Ke8 46. Bc5 Kd7
47. Bf8 Kc6 48. Bxh6 Kb5 0-1

[Event "Coppa del Mondo FIDE 2013"]
[Site "Tromsø"]
[Date "11.08.2013"]
[Round "1.1"]
[White "Lupulescu, Constantin"]
[Black "Sasikiran, Krishnan"]
[Result "1/2-1/2"]
[WhiteTitle "GM"]
[BlackTitle "GM"]
[WhiteElo "2634"]
[BlackElo "2660"]
[WhiteFideId "1207822"]
[BlackFideId "5004985"]
[EventDate "2013.08.11"]

1. d4 Nf6 2. c4 e6 3. Nf3 b6 4. Nc3 Bb7 5. a3 d5 6. Bg5 Be7 7. Qa4+ c6 8. Bxf6
Bxf6 9. cxd5 exd5 10. g3 O-O 11. Rd1 Na6 12. Bg2 Nc7 13. O-O a6 14. Qc2 Nb5 15.
Na4 Re8 16. e3 g6 17. Rc1 Rb8 18. Rfd1 Ba8 19. Ne1 1/2-1/2

[Event "Coppa del Mondo FIDE 2013"]
[Site "Tromsø"]
[Date "11.08.2013"]
[Round "1.1"]
[White "Zvjaginsev, Vadim"]
[Black "Swiercz, Dariusz"]
[Result "1/2-1/2"]
[WhiteTitle "GM"]
[BlackTitle "GM"]
[WhiteElo "2659"]
[BlackElo "2654"]
[WhiteFideId "4113403"]
[BlackFideId "1126881"]
[EventDate "2013.08.11"]

1. Nf3 d5 2. d4 Nf6 3. c4 e6 4. Nc3 Bb4 5. e3 O-O 6. Bd2 b6 7. Be2 Bb7 8. O-O
dxc4 9. Bxc4 c5 10. a3 Bxc3 11. Bxc3 Ne4 12. Rc1 1/2-1/2

[Event "Coppa del Mondo FIDE 2013"]
[Site "Tromsø"]
[Date "11.08.2013"]
[Round "1.1"]
[White "Kobalia, Mikhail"]
[Black "Khismatullin, Denis"]
[Result "1/2-1/2"]
[WhiteTitle "GM"]
[BlackTitle "GM"]
[WhiteElo "2651"]
[BlackElo "2653"]
[WhiteFideId "4119150"]
[BlackFideId "4142578"]
[EventDate "2013.08.11"]

1. e4 c5 2. Nf3 d6 3. d4 cxd4 4. Nxd4 Nf6 5. Nc3 a6 6. Be3 e5 7. Nb3 Be7 8. h3
O-O 9. g4 Be6 10. g5 Nfd7 11. h4 b5 12. Nd5 Bxd5 13. exd5 Nb6 14. Qf3 Nc4 15.
O-O-O Nd7 16. Bd3 a5 17. Nd2 Nxe3 18. fxe3 Nc5 19. Ne4 Nxd3+ 20. cxd3 b4 21. Kb1
Rc8 22. Rc1 Qd7 23. Nf6+ Bxf6 24. gxf6 Rxc1+ 25. Rxc1 Rc8 26. Rxc8+ Qxc8 27.
fxg7 Kxg7 28. Qg3+ 1/2-1/2

[Event "Coppa del Mondo FIDE 2013"]
[Site "Tromsø"]
[Date "11.08.2013"]
[Round "1.1"]
[White "Yu, Yangyi"]
[Black "Beliavsky, Alexander G"]
[Result "1/2-1/2"]
[WhiteTitle "GM"]
[BlackTitle "GM"]
[WhiteElo "2662"]
[BlackElo "2651"]
[WhiteFideId "8603820"]
[BlackFideId "14602377"]
[EventDate "2013.08.11"]

1. e4 e5 2. Nf3 Nc6 3. Bb5 a6 4. Ba4 Nf6 5. d3 b5 6. Bb3 Bc5 7. Nc3 d6 8. a4 Bg4
9. Ne2 O-O 10. Bg5 h6 11. axb5 Bxf3 12. gxf3 Nd4 13. Nxd4 hxg5 14. Nf5 g6 15. h4
Nh5 16. Ng3 Nxg3 17. fxg3 gxh4 18. Qd2 axb5 19. Rxa8 Qxa8 20. Qh6 Qa1+ 21. Ke2
Qxh1 22. Qxg6+ Kh8 23. Qh6+ Kg8 24. Qg6+ Kh8 25. Qh6+ Kg8 26. Qg6+ 1/2-1/2

[Event "Coppa del Mondo FIDE 2013"]
[Site "Tromsø"]
[Date "11.08.2013"]
[Round "1.1"]
[White "Istratescu, Andrei"]
[Black "Lysyj, Igor"]
[Result "0-1"]
[WhiteTitle "GM"]
[BlackTitle "GM"]
[WhiteElo "2646"]
[BlackElo "2648"]
[WhiteFideId "1200372"]
[BlackFideId "4150120"]
[EventDate "2013.08.11"]

1. e4 e5 2. Nf3 Nc6 3. Bb5 Nf6 4. O-O Nxe4 5. d4 Nd6 6. Bxc6 dxc6 7. dxe5 Nf5 8.
Qxd8+ Kxd8 9. Nc3 Ke8 10. h3 h5 11. b3 b6 12. Bb2 Bb7 13. Rad1 Be7 14. Nd4 Nxd4
15. Rxd4 Rd8 16. Ne2 c5 17. Rxd8+ Bxd8 18. c4 Bc8 19. Rd1 h4 20. Nf4 Bg5 21. Bc1
Bxf4 22. Bxf4 Ke7 23. Bg5+ Ke6 24. Bd8 c6 25. Bc7 Bd7 26. f3 Rc8 27. Bd6 Rd8 28.
Kf2 Bc8 29. Re1 f5 30. f4 Rd7 31. Re3 Rb7 32. Ke2 Kf7 33. Kd3 Be6 34. Kc3 g5 35.
fxg5 Kg6 36. Kd2 f4 37. Rd3 Kxg5 38. Ke2 Kf5 39. Kf2 Ke4 40. Rd1 a5 41. Re1+ Kf5
42. Rb1 Rg7 43. Bb8 b5 44. Rc1 bxc4 45. bxc4 Rb7 46. Bd6 Rb2+ 47. Kg1 Rxa2 48.
Bxc5 a4 49. Rc3 Kxe5 50. Be7 Bf5 51. Ra3 Rxa3 52. Bxa3 Kd4 53. c5 Kc4 54. Kf2
Be4 55. Bc1 Kxc5 56. Bxf4 a3 57. g3 a2 58. Be5 hxg3+ 59. Kxg3 Kc4 60. Kf2 0-1

[Event "Coppa del Mondo FIDE 2013"]
[Site "Tromsø"]
[Date "13.08.2013"]
[Round "1.3"]
[White "Adhiban, Baskaran"]
[Black "Alekseev, Evgeny"]
[Result "1-0"]
[WhiteTitle "GM"]
[BlackTitle "GM"]
[WhiteElo "2567"]
[BlackElo "2710"]
[WhiteFideId "5018471"]
[BlackFideId "4138147"]
[EventDate "2013.08.11"]

1. d4 Nf6 2. c4 e6 3. Nf3 d5 4. g3 Bb4+ 5. Nc3 O-O 6. Bg2 dxc4 7. O-O Nc6 8. a3
Be7 9. e4 Na5 10. Qe2 c6 11. Bf4 b5 12. Rad1 Bb7 13. h4 Re8 14. Rfe1 Bf8 15. Bg5
h6 16. e5 hxg5 17. Nxg5 Qe7 18. Qc2 g6 19. exf6 Qxf6 20. Re3 Qg7 21. Rf3 f6 22.
Nce4 f5 23. Nc5 Bxc5 24. dxc5 Nb3 25. Rxb3 cxb3 26. Qxb3 Re7 27. Rd6 Rae8 28.
Bxc6 Bxc6 29. Rxc6 Qe5 30. Qxb5 Kg7 31. Rd6 f4 32. g4 f3 33. Qb4 Rf8 34. c6 Kg8
35. Rd7 Ree8 36. Qe4 Qxe4 37. Nxe4 Rf4 38. c7 Rxg4+ 39. Kh2 Rxe4 40. Rd8 1-0

[Event "Coppa del Mondo FIDE 2013"]
[Site "Tromsø"]
[Date "13.08.2013"]
[Round "1.3"]
[White "Shimanov, Aleksandr"]
[Black "Jones, Gawain C B"]
[Result "1/2-1/2"]
[WhiteTitle "GM"]
[BlackTitle "GM"]
[WhiteElo "2655"]
[BlackElo "2645"]
[WhiteFideId "4198603"]
[BlackFideId "409561"]
[EventDate "2013.08.11"]

1. d4 Nf6 2. c4 g6 3. Nc3 Bg7 4. e4 d6 5. f3 O-O 6. Be3 c5 7. dxc5 dxc5 8. Qxd8
Rxd8 9. Bxc5 Nc6 10. Nge2 Nd7 11. Be3 Nde5 12. Nf4 Na5 13. Ncd5 Nexc4 14. Bc5 e6
15. Nc7 Bxb2 16. Rd1 Bc3+ 17. Ke2 Rxd1 18. Kxd1 b6 19. Nxa8 bxc5 20. Bxc4 Nxc4
21. Nd3 Ne3+ 22. Ke2 Bd4 23. Nc7 c4 24. Rb1 Nxg2 25. Rb8 cxd3+ 26. Kxd3 Bg1 27.
Rxc8+ Kg7 28. Ne8+ Kh6 29. Rc7 f5 30. Nf6 g5 31. Rxh7+ Kg6 32. e5 Nf4+ 33. Kc4
Nd5 34. Rh8 Nxf6 35. exf6 Kxf6 36. a4 Ke5 37. h4 gxh4 38. Rxh4 Bf2 39. Rh2 Bb6
40. Kd3 Kd5 41. Rh4 Bf2 42. Rb4 Bc5 43. Rb7 e5 44. Rd7+ Ke6 45. Rh7 Bb6 46. Rh5
Kf6 47. Rh4 Bf2 48. Rb4 Kg5 49. a5 Be1 50. Rb5 Kf4 51. Ke2 Bc3 52. a6 Bd4 53.
Rb4 Kg3 54. Rb3 Kf4 55. Rd3 Bb6 56. Rb3 Bd4 57. Rb1 Kg3 58. Rh1 Kf4 59. Rh4+ Kg3
60. Rh5 Kf4 61. Rh3 Bb6 62. Rh7 Bd4 63. Rf7 e4 64. fxe4 Kxe4 65. Re7+ Kd5 66.
Kd3 Bb6 67. Rf7 Ke5 68. Rb7 Bg1 69. Rb1 Bf2 70. Rb5+ Kf4 71. Rb2 Bg1 72. Rb1 Bf2
73. Rb5 Bg1 74. Ke2 Ke4 75. Rb4+ Bd4 76. Rb7 Bc5 77. Rb8 Bd4 78. Re8+ Kf4 79.
Kd3 Bf2 80. Rf8 Ke5 81. Ke2 Bc5 82. Re8+ Kf4 83. Rc8 Bd4 84. Re8 Bb6 85. Re6 Bg1
86. Rg6 Bc5 87. Rh6 Ke4 88. Re6+ Kf4 89. Kd3 Bg1 90. Kc4 Kf3 91. Kd5 f4 92. Ke5
Be3 93. Rf6 Bd2 94. Rf8 Bc3+ 95. Kf5 Bd4 96. Rf7 Bf2 97. Rb7 Be3 98. Rb3 Ke2 99.
Ke4 Kd2 100. Rb7 Kc3 101. Rb5 Kc4 102. Rf5 Kb4 103. Kd3 Bb6 104. Ke4 Be3 105.
Rh5 Kc4 106. Rf5 Kb4 107. Kd3 Bb6 108. Rxf4+ Kb5 1/2-1/2

[Event "Coppa del Mondo FIDE 2013"]
[Site "Tromsø"]
[Date "13.08.2013"]
[Round "1.3"]
[White "Amin, Bassem"]
[Black "Safarli, Eltaj"]
[Result "1-0"]
[WhiteTitle "GM"]
[BlackTitle "GM"]
[WhiteElo "2652"]
[BlackElo "2660"]
[WhiteFideId "10601457"]
[BlackFideId "13402129"]
[EventDate "2013.08.11"]

1. e4 c5 2. Nf3 Nc6 3. d3 g6 4. g3 Bg7 5. Bg2 d6 6. O-O e5 7. c3 Nge7 8. Be3 O-O
9. Nh4 b6 10. f4 exf4 11. gxf4 d5 12. e5 Ba6 13. Re1 d4 14. cxd4 Rc8 15. dxc5
Nb4 16. Nc3 bxc5 17. Qa4 Bxd3 18. Rad1 Nec6 19. Bf2 Nd4 20. Rd2 Bc2 21. Qxa7 Nd3
22. Rxd3 Bxd3 23. Rd1 Bc4 24. Kh1 Qc7 25. Qxc7 Rxc7 26. b3 Be6 27. Ne4 Bd5 28.
Nf6+ Bxf6 29. Bxd5 Bxh4 30. Bxh4 Nf5 31. Bf2 Kg7 32. Bc4 f6 33. e6 Re8 34. a4
Kf8 35. a5 Ke7 36. Rd5 Nd4 37. Bxd4 cxd4 38. Rxd4 Rb8 39. a6 Rxc4 40. Rxc4 Rxb3
41. Ra4 Rb8 42. a7 Ra8 43. Ra6 Kd8 44. Kg2 Kc7 45. Kf3 Kb7 46. Ra2 Kc6 47. f5 1-0